<?xml version="1.0" encoding="UTF-8"?>
<record
    xmlns:xsi="http://www.w3.org/2001/XMLSchema-instance"
    xsi:schemaLocation="http://www.loc.gov/MARC21/slim http://www.loc.gov/standards/marcxml/schema/MARC21slim.xsd"
    xmlns="http://www.loc.gov/MARC21/slim">

  <leader>01142nam a22002897a 4500</leader>
  <datafield tag="999" ind1=" " ind2=" ">
    <subfield code="c">22435</subfield>
    <subfield code="d">22435</subfield>
  </datafield>
  <controlfield tag="003">OSt</controlfield>
  <controlfield tag="005">20220704093417.0</controlfield>
  <controlfield tag="008">180228s2017    pe            000 0 spa  </controlfield>
  <datafield tag="020" ind1=" " ind2=" ">
    <subfield code="a">9786123175375</subfield>
  </datafield>
  <datafield tag="040" ind1=" " ind2=" ">
    <subfield code="c">Biblioteca Municipal de Cusco</subfield>
  </datafield>
  <datafield tag="082" ind1=" " ind2=" ">
    <subfield code="a">324.4/D98</subfield>
    <subfield code="b">D98</subfield>
  </datafield>
  <datafield tag="100" ind1=" " ind2=" ">
    <subfield code="a">Durand, Francisco</subfield>
    <subfield code="d">1950-</subfield>
    <subfield code="9">48165</subfield>
  </datafield>
  <datafield tag="245" ind1=" " ind2=" ">
    <subfield code="a">La captura del Estado en Am&#xE9;rica Latina :</subfield>
    <subfield code="b">reflexiones te&#xF3;ricas /</subfield>
    <subfield code="c">Francisco Durand</subfield>
  </datafield>
  <datafield tag="250" ind1=" " ind2=" ">
    <subfield code="a">Primera edici&#xF3;n, primera reimpresi&#xF3;n.</subfield>
  </datafield>
  <datafield tag="260" ind1=" " ind2=" ">
    <subfield code="a">Lima :</subfield>
    <subfield code="b">Pontificia Universidad Cat&#xF3;lica del Per&#xFA;,</subfield>
    <subfield code="c">2020.</subfield>
  </datafield>
  <datafield tag="300" ind1=" " ind2=" ">
    <subfield code="a">204 p&#xE1;ginas. :</subfield>
    <subfield code="c">21 cm.</subfield>
  </datafield>
  <datafield tag="504" ind1=" " ind2=" ">
    <subfield code="a">Bibliograf&#xED;a: p. 187-204.</subfield>
  </datafield>
  <datafield tag="650" ind1=" " ind2=" ">
    <subfield code="a">Grupos de presi&#xF3;n</subfield>
    <subfield code="v">Ensayos, conferencias, etc.</subfield>
    <subfield code="9">48166</subfield>
  </datafield>
  <datafield tag="650" ind1=" " ind2=" ">
    <subfield code="a">Corporaciones</subfield>
    <subfield code="x">Aspectos pol&#xED;ticos</subfield>
    <subfield code="z">Am&#xE9;rica Latina</subfield>
    <subfield code="9">48167</subfield>
  </datafield>
  <datafield tag="650" ind1=" " ind2=" ">
    <subfield code="a">Poder corporativo</subfield>
    <subfield code="z">Am&#xE9;rica Latina</subfield>
    <subfield code="9">48168</subfield>
  </datafield>
  <datafield tag="650" ind1=" " ind2=" ">
    <subfield code="a">Negocios y pol&#xED;tica</subfield>
    <subfield code="z">Am&#xE9;rica Latina</subfield>
    <subfield code="9">48169</subfield>
  </datafield>
  <datafield tag="650" ind1=" " ind2=" ">
    <subfield code="a">Corrupci&#xF3;n pol&#xED;tica</subfield>
    <subfield code="z">Am&#xE9;rica Latina</subfield>
    <subfield code="9">48170</subfield>
  </datafield>
  <datafield tag="651" ind1=" " ind2=" ">
    <subfield code="a">Am&#xE9;rica Latina</subfield>
    <subfield code="x">Pol&#xED;tica y gobierno</subfield>
    <subfield code="9">48171</subfield>
  </datafield>
  <datafield tag="710" ind1=" " ind2=" ">
    <subfield code="a">Pontificia Universidad Cat&#xF3;lica del Per&#xFA;</subfield>
    <subfield code="9">400</subfield>
  </datafield>
  <datafield tag="710" ind1=" " ind2=" ">
    <subfield code="a">Oxfam Am&#xE9;rica</subfield>
    <subfield code="9">48172</subfield>
  </datafield>
  <datafield tag="942" ind1=" " ind2=" ">
    <subfield code="2">ddc</subfield>
    <subfield code="c">LIBROS</subfield>
  </datafield>
  <datafield tag="952" ind1=" " ind2=" ">
    <subfield code="0">0</subfield>
    <subfield code="1">0</subfield>
    <subfield code="2">ddc</subfield>
    <subfield code="4">0</subfield>
    <subfield code="7">0</subfield>
    <subfield code="a">SH</subfield>
    <subfield code="b">SH</subfield>
    <subfield code="c">CART</subfield>
    <subfield code="d">2022-07-04</subfield>
    <subfield code="e">Donaci&#xF3;n</subfield>
    <subfield code="g">35.00</subfield>
    <subfield code="o">324.4/D98</subfield>
    <subfield code="p">SH0000016317</subfield>
    <subfield code="r">2022-07-04</subfield>
    <subfield code="w">2022-07-04</subfield>
    <subfield code="y">LIBROS</subfield>
  </datafield>
  <datafield tag="952" ind1=" " ind2=" ">
    <subfield code="0">0</subfield>
    <subfield code="1">0</subfield>
    <subfield code="2">ddc</subfield>
    <subfield code="4">0</subfield>
    <subfield code="7">0</subfield>
    <subfield code="a">SH</subfield>
    <subfield code="b">SH</subfield>
    <subfield code="c">CART</subfield>
    <subfield code="d">2022-07-04</subfield>
    <subfield code="e">Donaci&#xF3;n</subfield>
    <subfield code="g">35.00</subfield>
    <subfield code="o">324.4/D98/e.2</subfield>
    <subfield code="p">SH0000016318</subfield>
    <subfield code="r">2022-07-04</subfield>
    <subfield code="w">2022-07-04</subfield>
    <subfield code="y">LIBROS</subfield>
  </datafield>
</record>
